Minecraft Items Quiz - Statistiken

Allgemein
  • Dieses Quiz wurde 975 mal gespielt
  • Das Durchschnittsergebnis liegt bei 9 aus 16
Antwortstatistiken
Hint Antwort % Korrekt
Can be smeltet to glass Sand
99%
Can be used to trade with Villagers Emerald
93%
Obtained trough killing the Wither Nether Star
87%
Ubreakable Bedrock, Barrier, Command Block
83%
First thing to get in a new world Wood
78%
Can be used to enchant gear Enchanting Table
74%
Stone type, harder than stone Deepslate
71%
“Notch” Apple Enchanted Golden Apple
69%
Obtained by letting a frog eat a magma cube Froglight
54%
Newest Wood type Cherry Wood
52%
Found rarely in the Nether Ancient Debris
42%
Can be crafted with popped Chorus Fruit End rod
26%
Rarest ore in the Game Deepslate Coal Ore
12%
Obtained by killing the warden Sculk Catalyst
12%
Block in creative mode to prevent structures spawning with air Structure Void
6%
Unobtainable Book Recipe Book
2%
Keine übereinstimmenden Quizze gefunden
Verteilung der Resultate
Anzahl Personen mit jedem Resultat
Perzentil nach korrekt beantworteten Fragen
Ihre Resultats-Entwicklung
Sie haben dieses Quiz noch nicht gespielt